La dialéctica de Hegel cinco ensayos hermenéuticos (Registro nro. 4342)

Detalles MARC
000 -ENCABEZADO
Número de control [NR] 00911nam a2200265Ia 4500
008 - DE LONGITUD FIJA DE DATOS DE ELEMENTOS - INFORMACIÓN GENERAL
Elementos de longitud fija [NR] 130821s1981 sp gr spa
040 ## - FUENTE DE CATALOGACION [NR]
Agencia de catalogación original [NR] Co-BoUCM
Idioma de catalogación [NR] spa
041 ## - CODIGO DE IDIOMA [R]
Código de idioma para texto/pista de sonido o título separado [R] Español
100 1# - ASIENTO PRINCIPAL--NOMBRE PERSONAL [NR]
Nombre personal [NR] Gadamer, Hans-Georg
Fechas asociadas con el nombre [NR] 1900-
ID Autoridad 120287
245 13 - MENCION DE TITULO [NR]
Título [NR] La dialéctica de Hegel cinco ensayos hermenéuticos
Mención de responsabilidad, etc. [NR] Hans-Georg Gadamer
250 ## - MENCION DE EDICION [NR]
Mención de edición [NR] 2a. ed.
260 ## - PUBLICACION, DISTRIBUCION, ETC. (PIE DE IMPRENTA) [R]
Lugar de publicación, distribución, etc. [R] Madrid (España)
Nombre del editor, distribuidor, etc. [R] C tedra
Fecha de publicación, distribución, etc. [R] 1981
300 ## - DESCRIPCION FISICA [R]
Extensión [R] 146 páginas
490 ## - MENCION DE SERIE [R]
Mención de serie [R] Colección Teorema
600 #7 - ASIENTO SECUNDARIO DE MATERIA - NOMBRE PERSONAL [R]
Nombre personal [NR] Hegel, Georg Wilhelm Friedrich
Fechas asociadas con el nombre [NR] 1770-1831
Subdivisión de forma [R] Ensayos, conferencias, etc.
9 (RLIN) 155210
650 04 - ASIENTO SECUNDARIO DE MATERIA - TERMINO TEMATICO [R]
Término temático o nombre geográfico como elemento de entrada [NR] Aspectos filosóficos
9 (RLIN) 9679
650 04 - ASIENTO SECUNDARIO DE MATERIA - TERMINO TEMATICO [R]
Término temático o nombre geográfico como elemento de entrada [NR] Dialéctica
9 (RLIN) 13168
650 04 - ASIENTO SECUNDARIO DE MATERIA - TERMINO TEMATICO [R]
Término temático o nombre geográfico como elemento de entrada [NR] Ensayos, conferencias, etc.
9 (RLIN) 7572
650 04 - ASIENTO SECUNDARIO DE MATERIA - TERMINO TEMATICO [R]
Término temático o nombre geográfico como elemento de entrada [NR] Filosofía austriaca
9 (RLIN) 15734
650 04 - ASIENTO SECUNDARIO DE MATERIA - TERMINO TEMATICO [R]
Término temático o nombre geográfico como elemento de entrada [NR] Filosofía
9 (RLIN) 75
650 04 - ASIENTO SECUNDARIO DE MATERIA - TERMINO TEMATICO [R]
Término temático o nombre geográfico como elemento de entrada [NR] Lenguas
9 (RLIN) 18389
650 04 - ASIENTO SECUNDARIO DE MATERIA - TERMINO TEMATICO [R]
Término temático o nombre geográfico como elemento de entrada [NR] Lenguas
Subdivisión general [R] Aspectos filosóficos
9 (RLIN) 18389
942 ## - ELEMENTOS DE ENTRADA AGREGADOS (KOHA)
Tipo de ítem principal el descrito en 300a Libro
Tema principal Filosofía
Edición 2
Parte restante de la signatura top. G13
Sistema de clasificación DEWEY
Clasificación 146.3
Existencias
Fecha de último préstamo Total préstamos Total Renewals Signatura topográfica Código de barras Última vez visto Volúmen / Fascículo Ejemplar Price effective from Tipo de ítem Perdido Sistema de clasificación Dañado No prestable Tipo de ítem específico Suprimido Ubicación habitual Ubicación actual Localización Fecha de creación Forma de adquisición Costo
30/09/2024 22 9 146.3 G13 100023485 05/12/2025 2A. ED. Ej.1 03/02/2013 Libro   DEWEY     Libro   Claustro Claustro 2do piso 28/02/2003 Compra 455.00